Flagi państw graniczących z Czadem - Statystyki

Ogólne statystyki
  • Ten quiz został rozwiązany 348 razy
  • Średni wynik to 6 z 6
Statystyki odpowiedzi
Obrazkowy Odpowiedź % Poprawnych
Nigeria
98%
Niger
97%
Kamerun
91%
Sudan
91%
Libia
89%
Republika Środkowoafrykańska
85%
Nie znaleziono quizów pasujących do podanych kryteriów
Rozkład punktacji
Procent ludzi z każdym wynikiem
Percentyl według liczby udzielonych odpowiedzi
Twoja historia wyników
Nie rozwiązałeś tego quizu